Albums studios de Jacques Brel - Statistiques

Statistiques générales
  • Ce quiz a été pris 4 fois
  • Le résultat moyen est 8 sur 17
Statistiques - réponses
Année Album % Correct
1966 Ces gens-là
100%
1958 Au printemps
50%
1977 BREL
50%
1965 Jacky
50%
1972 Jacques Brel
50%
1954 Jacques Brel et ses chansons
50%
1968 J'arrive
50%
1959 La Valse à mille temps
50%
1963 Les Bigotes
50%
1962 Les paumés du petit matin
50%
1962 Madeleine
50%
1961 Marieke
50%
1964 Mathilde
50%
1957 Quand on n'a que l'amour
50%
1967 Jacques Brel 67
0%
1966 Les Bonbons
0%
1962 Les Bourgeois
0%
Aucun quiz correspondant
Distribution des résultats
% des personnes avec chaque résultat
Percentile par nombre de réponses
Votre historique - résultats
Vous n’avez pas pris ce quiz